000 00308nam a2200145Ia 4500
100 _aD.G.E.T
650 _aCarpentery
942 _cBK
654 _aguide fitter 1st year
245 _aInstructors Guide Fitter 1st Year
260 _bCIMI
_aMadras
300 _a110
546 _aENGLISH
999 _c31335
_d31335